[Event "AUTO-OPEN-3681"]
[Site "http://www.queenalice.com/game.php?id=1432463"]
[Date "2016.7.20"]
[Round "1"]
[White "Cyrille2le"]
[Black "chessplayer123"]
[Result "0-1"]
[WhiteElo "1808"]
[BlackElo "1922"]

1. d4 Nf6 2. c4 g6 3. g3 Bg7 4. Bg2 d5 5. cxd5 Nxd5 6. e4 Nb6 7. Ne2 c6 8. O-O
N8d7 9. Nbc3 Nf6 10. a4 O-O 11. a5 Nbd7 12. h3 e5 13. d5 cxd5 14. Nxd5 Nc5 15.
Nxf6+ Qxf6 16. Qd5 Ne6 17. Be3 Rd8 18. Qb3 h6 19. Rad1 Nd4 20. Bxd4 exd4 21. Nf4
a6 22. Nd5 Qd6 23. Qb6 Be6 24. Qxd6 Rxd6 25. Nc7 Rc8 26. Nxe6 Rxe6 27. f4 Rc2
28. Rf2 Rxf2 29. Kxf2 b5 30. e5 Re8 31. Rxd4 Rc8 32. Be4 Rc4 33. Ke3 Rxd4 34.
Kxd4 Bf8 35. Kc3 Bc5 36. g4 Kf8 37. b4 Ba7 38. Bb7 Bf2 0-1

[Event "AUTO-OPEN-3681"]
[Site "http://www.queenalice.com/game.php?id=1432464"]
[Date "2016.7.20"]
[Round "1"]
[White "chessplayer123"]
[Black "Cyrille2le"]
[Result "1-0"]
[WhiteElo "1933"]
[BlackElo "1797"]

1. d4 Nf6 2. Nf3 g6 3. Nc3 c5 4. dxc5 Na6 5. e3 Nxc5 6. Be2 Bg7 7. Bd2 O-O 8.
O-O b6 9. Ng5 Bb7 10. Bf3 Bxf3 11. Qxf3 d5 12. Rad1 h6 13. Nh3 e6 14. Bc1 Qd7
15. Nf4 Rad8 16. Nce2 Qa4 17. c3 Qxa2 18. Ng3 Nb3 19. Qe2 Ne4 20. Nxe4 Nxc1 21.
Rxc1 dxe4 22. Ra1 Qb3 23. Rxa7 Ra8 24. Rxa8 Rxa8 25. h3 Ra2 26. Qd1 Qxd1 27.
Rxd1 Rxb2 28. Rc1 Be5 29. c4 1-0

[Event "AUTO-OPEN-3681"]
[Site "http://www.queenalice.com/game.php?id=1432465"]
[Date "2016.7.20"]
[Round "1"]
[White "Cyrille2le"]
[Black "lobo"]
[Result "1-0"]
[WhiteElo "1741"]
[BlackElo "1809"]

1. d4 b6 2. c4 Bb7 3. Nc3 a6 4. e4 e6 5. Nf3 Bb4 6. Bd3 Bxc3+ 7. bxc3 h6 8. O-O
Ne7 9. Ne5 d6 10. Nxf7 Kxf7 11. f4 Ke8 12. f5 Kd7 13. fxe6+ Kc8 14. d5 a5 15.
Rf7 g5 16. Qh5 Qe8 17. Be3 Na6 18. Raf1 Kb8 19. Bd4 Ka7 20. Bxh8 Qxh8 21. Rxe7
Qxc3 22. Qe2 Qd4+ 23. Kh1 Nc5 24. Bc2 Rc8 25. Rh7 Na6 26. h3 Nb4 27. Rff7 Ba6
28. Rxc7+ Rxc7 29. Rxc7+ Bb7 30. e7 Qe5 31. Qh5 Nxc2 32. e8=Q Qg3 33. Rxb7+ Kxb7
34. Qhf7+ Ka6 35. Qb5# 1-0

[Event "AUTO-OPEN-3681"]
[Site "http://www.queenalice.com/game.php?id=1432466"]
[Date "2016.7.20"]
[Round "1"]
[White "lobo"]
[Black "Cyrille2le"]
[Result "0-1"]
[WhiteElo "1774"]
[BlackElo "1760"]

1. b3 d5 2. Bb2 c5 3. e3 Nc6 4. Nf3 Nf6 5. Bxf6 gxf6 6. Bb5 Bg4 7. Bxc6+ bxc6 8.
h3 Bh5 9. g4 Bg6 10. Qe2 Bxc2 11. Nc3 d4 12. exd4 cxd4 13. Ne4 Bxe4 14. d3 Qa5+
15. Kf1 Bxf3 16. Qxf3 Qd5 17. Qxd5 cxd5 18. Kg2 e5 19. Rhe1 Kd7 20. b4 Bxb4 21.
Red1 Bc3 22. Rac1 Rhc8 23. Rb1 Rab8 24. Rbc1 Rb2 25. a4 Ra2 26. Rb1 Rxa4 27.
Rb7+ Rc7 28. Rb5 Kc6 29. Rdb1 a5 30. Rb6+ Kd7 31. Rxf6 Ke7 32. Rh6 Rb4 33. Rc1
Ra7 34. Rxh7 a4 35. Rc2 a3 36. Ra2 Rb2 37. Rxa3 Rxa3 38. Kg3 Be1 39. h4 Rxd3+
0-1

[Event "AUTO-ADV-3677"]
[Site "http://www.queenalice.com/game.php?id=1432547"]
[Date "2016.7.21"]
[Round "1"]
[White "Alcar"]
[Black "Cyrille2le"]
[Result "0-1"]
[WhiteElo "1729"]
[BlackElo "1980"]

1. d4 Nf6 2. c4 c5 3. d5 b5 4. cxb5 a6 5. Nc3 e6 6. dxe6 fxe6 7. Bg5 d5 8. e3
Bd6 9. Nf3 O-O 10. Be2 h6 11. Bh4 Qa5 12. a4 Ne4 13. Qc2 axb5 14. O-O Nxc3 15.
bxc3 bxa4 16. Rxa4 Qxa4 17. Qg6 Qe8 18. Qg4 e5 19. e4 Bxg4 20. h3 Bxf3 21. Bxf3
Rxf3 22. gxf3 Qg6+ 23. Kh2 dxe4 24. fxe4 Qxe4 0-1

[Event "AUTO-ADV-3677"]
[Site "http://www.queenalice.com/game.php?id=1432548"]
[Date "2016.7.21"]
[Round "1"]
[White "Cyrille2le"]
[Black "Alcar"]
[Result "0-1"]
[WhiteElo "1772"]
[BlackElo "1694"]

1. d4 Nf6 2. c4 d5 3. cxd5 Qxd5 4. Nc3 Qd8 5. Nf3 Bg4 6. Qb3 b6 7. Ne5 Be6 8.
Qa4+ Bd7 9. Nxd7 Nbxd7 10. e4 e5 11. dxe5 Ng4 12. Bf4 Bc5 13. Bg3 O-O 14. O-O-O
Ngxe5 15. Bxe5 Nxe5 16. Rxd8 Rfxd8 17. f3 a6 18. Be2 b5 19. Qb3 Be3+ 20. Kb1
Rab8 21. Nd5 Bg5 22. f4 Bf6 23. Nxf6+ gxf6 24. fxe5 fxe5 25. Rf1 Rf8 0-1

[Event "AUTO-ADV-3677"]
[Site "http://www.queenalice.com/game.php?id=1432561"]
[Date "2016.7.21"]
[Round "1"]
[White "roqqk"]
[Black "Cyrille2le"]
[Result "1-0"]
[WhiteElo "1745"]
[BlackElo "1886"]

1. e4 e6 2. d4 d5 3. e5 c5 4. Nf3 Nc6 5. Ng5 cxd4 6. Qf3 Nxe5 7. Qf4 f6 8. Bb5+
Nc6 9. Nf3 Qa5+ 10. Nbd2 Qxb5 11. Nb3 e5 12. Qd2 Bb4 13. c3 dxc3 14. Qc2 cxb2+
15. Bd2 bxa1=Q+ 16. Nxa1 Bxd2+ 17. Nxd2 Nd4 18. Qd1 Bf5 19. h4 Rc8 20. Ndb3 1-0

[Event "AUTO-ADV-3677"]
[Site "http://www.queenalice.com/game.php?id=1432562"]
[Date "2016.7.21"]
[Round "1"]
[White "Cyrille2le"]
[Black "roqqk"]
[Result "0-1"]
[WhiteElo "1910"]
[BlackElo "1721"]

1. d4 d6 2. g3 h6 3. Bg2 g5 4. c4 c6 5. Nc3 Bg7 6. h4 g4 7. e4 Nf6 8. Be3 Be6 9.
d5 cxd5 10. cxd5 Bd7 11. Qb3 b6 12. Rc1 e6 13. Nb5 Qe7 14. Nc7+ Kf8 15. Nxa8
exd5 16. exd5 Ne4 17. Ne2 Nc5 18. Bxc5 dxc5 19. Kf1 Na6 0-1

[Event "AUTO-ADV-3677"]
[Site "http://www.queenalice.com/game.php?id=1432569"]
[Date "2016.7.21"]
[Round "1"]
[White "Wecker"]
[Black "Cyrille2le"]
[Result "1-0"]
[WhiteElo "1786"]
[BlackElo "1826"]

1. d4 Nf6 2. Nc3 c5 3. dxc5 e5 4. b4 a5 5. Nb5 Nc6 6. Bg5 Nxb4 7. Nd6+ Bxd6 8.
cxd6 b5 9. e4 Bb7 10. c3 Na6 11. Nf3 h6 12. Bxf6 Qxf6 13. Bxb5 Bxe4 14. O-O Bxf3
15. Qxf3 Qxf3 16. gxf3 f6 17. c4 1-0

[Event "AUTO-ADV-3677"]
[Site "http://www.queenalice.com/game.php?id=1432570"]
[Date "2016.7.21"]
[Round "1"]
[White "Cyrille2le"]
[Black "Wecker"]
[Result "0-1"]
[WhiteElo "1845"]
[BlackElo "1767"]

1. d4 Nf6 2. c4 c5 3. Nf3 cxd4 4. Nxd4 e5 5. Nb5 a6 6. Nd6+ Bxd6 7. Qxd6 Nc6 8.
Bg5 Ne4 9. Bxd8 Nxd6 10. Bg5 Nxc4 11. b3 f6 12. Bxf6 gxf6 13. bxc4 d6 14. Nc3
Bf5 15. Nd5 O-O 16. f3 Nd4 17. Kf2 Kh8 0-1

[Event "AUTO-ADV-3658"]
[Site "http://www.queenalice.com/game.php?id=1437608"]
[Date "2016.8.24"]
[Round "2"]
[White "Canaye"]
[Black "Cyrille2le"]
[Result "1-0"]
[WhiteElo "1836"]
[BlackElo "1753"]

1. d4 Nf6 2. c4 c5 3. d5 b5 4. cxb5 a6 5. f3 axb5 6. e4 Qb6 7. Be3 d6 8. Nc3 Ba6
9. Bd3 Qa5 10. Ne2 b4 11. Nb1 c4 12. Bc2 b3+ 13. Bd2 bxc2 14. Bxa5 cxd1=Q+ 15.
Kxd1 g6 16. Nbc3 Bg7 17. h4 h5 18. Kc2 O-O 19. Rag1 Bc8 20. Bb6 Na6 21. Kb1 Rb8
22. Bd4 1-0

[Event "AUTO-ADV-3658"]
[Site "http://www.queenalice.com/game.php?id=1437609"]
[Date "2016.8.24"]
[Round "2"]
[White "Cyrille2le"]
[Black "Canaye"]
[Result "0-1"]
[WhiteElo "1740"]
[BlackElo "1815"]

1. d4 e6 2. c4 d5 3. cxd5 Qxd5 4. Nc3 Bb4 5. Nf3 c5 6. Bf4 Nc6 7. dxc5 Qxd1+ 8.
Rxd1 Nf6 9. a3 Bxc3+ 10. bxc3 O-O 11. Nd4 e5 12. Nxc6 exf4 13. Ne7+ Kh8 14. Nd5
Nxd5 15. Rxd5 Be6 16. Rd4 Rad8 17. Rxf4 Rd5 18. e3 Rxc5 19. c4 Rfc8 20. Kd2 f6
21. Bd3 Bxc4 0-1

[Event "AUTO-ADV-3658"]
[Site "http://www.queenalice.com/game.php?id=1437612"]
[Date "2016.8.24"]
[Round "2"]
[White "maurice91"]
[Black "Cyrille2le"]
[Result "1-0"]
[WhiteElo "1884"]
[BlackElo "1954"]

1. d4 Nf6 2. c4 c5 3. e3 e6 4. d5 b5 5. b3 bxc4 6. bxc4 Na6 7. a3 Rb8 8. Nc3
exd5 9. cxd5 d6 10. e4 Qa5 11. Bd2 Nc7 12. Bd3 Be7 13. h3 Ba6 14. Nb5 Qb6 15.
Nxc7+ Qxc7 16. Bxa6 Nxe4 17. Qa4+ Qd7 18. Qxe4 O-O 19. Bd3 g6 20. Ne2 Bf6 21.
Bc3 1-0

[Event "AUTO-ADV-3658"]
[Site "http://www.queenalice.com/game.php?id=1437613"]
[Date "2016.8.24"]
[Round "2"]
[White "Cyrille2le"]
[Black "maurice91"]
[Result "0-1"]
[WhiteElo "1935"]
[BlackElo "1903"]

1. Nf3 c6 2. g3 d5 3. Bg2 g6 4. O-O Bg7 5. d3 e5 6. c4 Ne7 7. Nc3 O-O 8. e4 d4
9. Ne2 c5 10. Bd2 h6 11. b4 b6 12. a4 a6 13. Qb3 Be6 14. Rfb1 Qc7 15. bxc5 bxc5
16. Qb7 Qxb7 17. Rxb7 Nbc6 18. Rab1 a5 0-1

[Event "Challenge"]
[Site "http://www.queenalice.com/game.php?id=1441369"]
[Date "2016.9.16"]
[Round "-"]
[White "pony"]
[Black "Cyrille2le"]
[Result "1/2-1/2"]
[WhiteElo "2384"]
[BlackElo "1727"]

1. Nf3 Nf6 2. c4 e6 3. Nc3 d5 4. e3 c5 5. d4 Nc6 6. Be2 Be7 7. O-O O-O 8. dxc5
Bxc5 9. a3 dxc4 10. Bxc4 a6 11. b4 Bd6 12. Qe2 b5 13. Bb3 Bb7 14. e4 Ne5 15. Bb2
Rc8 16. Rfd1 Nxf3+ 17. Qxf3 Qb6 18. Qe2 Be5 19. Nd5 Bxd5 20. exd5 Bxb2 21. Qxb2
Nxd5 22. Bxd5 exd5 23. Rxd5 Rfd8 24. Rxd8+ Qxd8 25. Re1 Qc7 26. h3 h6 1/2-1/2

[Event "Challenge"]
[Site "http://www.queenalice.com/game.php?id=1441370"]
[Date "2016.9.16"]
[Round "-"]
[White "Cyrille2le"]
[Black "pony"]
[Result "0-1"]
[WhiteElo "1777"]
[BlackElo "2344"]

1. d4 Nf6 2. c4 c5 3. Nf3 cxd4 4. Nxd4 Nc6 5. Nc2 d5 6. cxd5 Qxd5 7. Qxd5 Nxd5
8. e4 Ndb4 9. Nba3 g6 10. Nxb4 Nxb4 11. Bb5+ Bd7 12. Bxd7+ Kxd7 13. Ke2 Bg7 14.
Rd1+ Ke6 15. Bd2 Nc6 16. Bc3 Bxc3 17. bxc3 Rac8 18. Nb5 f5 19. exf5+ gxf5 20.
Nd4+ Kf6 21. Rab1 b6 22. f4 Na5 23. Rd3 Rhg8 24. g3 Nb7 25. Rb5 Rc5 26. Rxc5
Nxc5 27. Re3 Ne4 28. Kd3 e6 29. Kc4 Rc8+ 30. Kb4 h5 31. Nf3 a5+ 32. Kb3 Nc5+ 33.
Kb2 Rd8 34. Kc2 a4 35. Nh4 Rd5 36. Nf3 Ne4 37. Ne5 Rd2+ 38. Kc1 Rxa2 39. Nd7+
Ke7 40. Nxb6 Nc5 41. Nd5+ Kd6 42. Nf6 Rxh2 43. c4 h4 44. g4 fxg4 45. Nxg4 Rg2
46. Ne5 Rg3 47. Rxg3 hxg3 48. Kc2 Nd7 49. Nf3 Kc5 50. Kc3 Nb6 51. Ne5 g2 0-1

[Event "cyrille vs cyril"]
[Site "http://www.queenalice.com/game.php?id=1454762"]
[Date "2016.12.14"]
[Round "-"]
[White "Cyrille2le"]
[Black "cyrillt"]
[Result "1-0"]
[WhiteElo "1817"]
[BlackElo "1610"]

1. d4 d5 2. c4 Nf6 3. cxd5 Qxd5 4. Nc3 Qd8 5. Nf3 Bf5 6. Qb3 e6 7. Qxb7 Nbd7 8.
e3 Bd6 9. Bb5 c6 10. Bxc6 O-O 11. Qxa8 Qxa8 12. Bxa8 Rxa8 13. O-O Ng4 14. h3 Nh6
15. e4 Bg6 16. Bxh6 gxh6 17. e5 Bb4 18. Rac1 Rc8 19. Nb5 Ra8 20. a3 Ba5 21. b4
Bb6 22. Rfd1 a6 23. Nc3 a5 24. b5 Rf8 25. Na4 Rb8 26. Rc6 Bd8 27. Rdc1 Be7 28.
Rc8+ Rxc8 29. Rxc8+ Kg7 30. Rc7 Bxa3 31. Rxd7 Bc2 32. Nc5 Kf8 33. b6 a4 34. b7
Bxc5 35. b8=Q+ Kg7 36. dxc5 a3 37. Qe8 Bg6 38. Qxe6 h5 39. Qf6+ Kg8 40. Rd8# 1-0

[Event "AUTO-OPEN-3668"]
[Site "http://www.queenalice.com/game.php?id=1470691"]
[Date "2017.3.27"]
[Round "2"]
[White "rockaudrey"]
[Black "Cyrille2le"]
[Result "1-0"]
[WhiteElo "2054"]
[BlackElo "1823"]

1. e4 e5 2. Nf3 Nc6 3. d4 exd4 4. Nxd4 Bc5 5. Be3 Qf6 6. c3 Nge7 7. b4 Bxd4 8.
Bxd4 Nxd4 9. cxd4 d6 10. Nc3 O-O 11. Be2 Bd7 12. O-O Nc6 13. Nd5 Qxd4 14. Nxc7
Rac8 15. Nb5 Qxb4 16. Nxd6 Rcd8 17. a3 Qc5 18. Nxb7 Qg5 19. Nxd8 Rxd8 20. Qc1
1-0

[Event "AUTO-OPEN-3668"]
[Site "http://www.queenalice.com/game.php?id=1470692"]
[Date "2017.3.27"]
[Round "2"]
[White "Cyrille2le"]
[Black "rockaudrey"]
[Result "0-1"]
[WhiteElo "1814"]
[BlackElo "2061"]

1. d4 d5 2. c4 c6 3. cxd5 cxd5 4. Bf4 Nf6 5. Nc3 e6 6. e3 Bd7 7. Nf3 Bb4 8. Qb3
Nc6 9. Be2 O-O 10. O-O Bxc3 11. bxc3 Ne4 12. Rfc1 Na5 13. Qb4 b6 14. Bd3 Nc6 15.
Qb1 Nf6 16. e4 dxe4 17. Bxe4 Nxe4 18. Qxe4 Rc8 19. Ng5 f5 20. Qf3 h6 21. Bd6
hxg5 22. Bxf8 Qxf8 0-1

[Event "AUTO-OPEN-3668"]
[Site "http://www.queenalice.com/game.php?id=1470701"]
[Date "2017.3.27"]
[Round "2"]
[White "Cyrille2le"]
[Black "FunChess"]
[Result "0-1"]
[WhiteElo "1816"]
[BlackElo "2312"]

1. d4 Nf6 2. c4 e5 3. dxe5 Ng4 4. e4 Nxe5 5. Be3 Bb4+ 6. Nd2 O-O 7. f4 Ng6 8.
Bd3 d6 9. Nf3 Nc6 10. O-O Bc5 11. Bxc5 dxc5 12. Ne1 Nd4 13. f5 Ne5 14. Bc2 b6
15. b3 Bb7 16. Nef3 Re8 17. Re1 Qf6 18. Nxd4 cxd4 19. Nf3 c5 20. Nxe5 Rxe5 21.
Bd3 Rae8 22. Qc2 Qh4 23. g3 Qg4 0-1

[Event "AUTO-OPEN-3668"]
[Site "http://www.queenalice.com/game.php?id=1470702"]
[Date "2017.3.27"]
[Round "2"]
[White "FunChess"]
[Black "Cyrille2le"]
[Result "1-0"]
[WhiteElo "2341"]
[BlackElo "1825"]

1. e4 e5 2. Bc4 Nf6 3. d4 exd4 4. Nf3 Bb4+ 5. c3 dxc3 6. bxc3 Bc5 7. e5 d5 8.
exf6 dxc4 9. Qa4+ Nc6 10. Qxc4 Bf8 11. O-O Qxf6 12. Bg5 Qf5 13. Nbd2 Be6 14.
Rfe1 Be7 15. Qh4 f6 16. Be3 O-O-O 17. Qa4 g5 18. Bxa7 g4 19. Nd4 Nxd4 20. Bxd4
Qd5 21. Ne4 1-0